| 000 | 00832nam a2200241 i 4500 | ||
|---|---|---|---|
| 001 | 54726 | ||
| 003 | ES-MaACL | ||
| 005 | 20231219062533.0 | ||
| 007 | t| | ||
| 008 | 040112s1964 sp |||| |dspa d | ||
| 080 | _a929 Unamuno, Miguel de | ||
| 080 | _a821.134.2 Unamuno, Miguel de 1.06 | ||
| 100 | 1 |
_aAbellán, José Luis, _d1933-2023 _9176509 |
|
| 245 | 1 | 0 |
_aMiguel de Unamuno a la luz de la psicología _b: una interpretación de Unamuno desde la psicología individual / _cJosé Luis Abellán. |
| 260 |
_aMadrid : _bTecnos, _c1964. |
||
| 300 |
_a243 p. ; _c24 cm. |
||
| 490 | 1 | _aTesis universitarias | |
| 600 | 1 | 4 |
_aUnamuno, Miguel de, _d1864-1936- _xCrítica e interpretación _9111984 |
| 830 | 1 |
_aTesis universitarias _9176511 |
|
| 852 |
_aES-MaACL _jL-26783 |
||
| 852 |
_aES-MaACL _jC-26266 |
||
| 999 |
_c54726 _d54726 |
||